Nutation and forced motion of the earth's pole from the data of latitude observations /

Bibliographic Details
Main Author: Fedorov, E. P. (Evgeniĭ Pavlovich)
Format: Book
Language:English
Russian
Published: Oxford, New York : Pergamon Press, 1963.
Subjects:

MARC

Tag First Indicator Second Indicator Subfields
LEADER 00000cam a2200000 4500
001 in00000050296
005 20151007065845.0
008 750502s1963 enk b 00000 eng u
010 |a  61011525  
035 |a (OCoLC)01310703 
035 |9 AAE2832AM 
040 |c YNG  |d TXA  |d UtOrBLW 
041 1 |a eng  |a rus 
049 |a TXAM  |c [402095] 
050 0 |a QB165  |b .F413 1963 
092 |a 522.96  |b F294n, 1963 
100 1 |a Fedorov, E. P.  |q (Evgeniĭ Pavlovich) 
245 1 0 |a Nutation and forced motion of the earth's pole from the data of latitude observations /  |c Translated from the Russian by Bertha Swirles Jeffreys. With a foreword by Harold Jeffreys. 
264 1 |a Oxford,  |a New York :  |b Pergamon Press,  |c 1963. 
300 |a 152 pages :  |b illustrations ;  |c 22 cm. 
336 |a text  |b txt  |2 rdacontent 
337 |a unmediated  |b n  |2 rdamedia 
338 |a volume  |b nc  |2 rdacarrier 
504 |a Includes bibliography. 
650 0 |a Nutation. 
650 0 |a Latitude variation. 
999 |a MARS 
999 f f |s 729ae63b-418c-3773-9069-c464a90711f4  |i cc5e9021-acf1-36f2-a137-3646ccfc8f1a  |t 0 
952 f f |p ric  |a Texas A&M University  |b Rellis Campus  |c Joint Library Facility  |d Remote Storage  |t 0  |e QB165 .F413 1963  |h Library of Congress classification  |i unmediated -- volume  |m A14800899537 
998 f f |a QB165 .F413 1963  |t 0  |l Remote Storage